Fr. Conceicao Rodrigues College of Engineering

Red Hat Linux Networking and system administration (Record no. 26729)

MARC details
000 -LEADER
fixed length control field 00377nam a2200169Ia 4500
082 ## - DEWEY DECIMAL CLASSIFICATION NUMBER
Classification number 005.133/COL
Item number COL
100 ## - MAIN ENTRY--PERSONAL NAME
Personal name Collings/Terry/ Kurtwall
250 ## - EDITION STATEMENT
Edition statement 3
245 ## - TITLE STATEMENT
Title Red Hat Linux Networking and system administration
260 ## - PUBLICATION, DISTRIBUTION, ETC.
Name of publisher, distributor, etc. Wiley India
Date of publication, distribution, etc. 2005
366 ## - TRADE AVAILABILITY INFORMATION
Publishers's discount category 20
300 ## - PHYSICAL DESCRIPTION
Extent 992
546 ## - LANGUAGE NOTE
Language note ENGLISH
650 ## - SUBJECT ADDED ENTRY--TOPICAL TERM
Topical term or geographic name entry element Linux
654 ## - SUBJECT ADDED ENTRY--FACETED TOPICAL TERMS
Focus term red hat
942 ## - ADDED ENTRY ELEMENTS (KOHA)
Koha item type BOOK
Holdings
Withdrawn status Lost status Damaged status Not for loan Collection Home library Current library Shelving location Date acquired Source of acquisition Cost, normal purchase price Total Checkouts Full call number Barcode Date last seen Cost, replacement price Price effective from Koha item type
        CRC Fr. Agnel's C.Rodrigues College of Engineering Fr. Agnel's C.Rodrigues College of Engineering   17/03/2023 Professional Book House. 509.00   005.133/COL COL 18014 17/03/2023 529.00   BOOK